| 000 | 00424nam a2200181Ia 4500 | ||
|---|---|---|---|
| 008 | 180207s9999 xx 000 0 und d | ||
| 020 | _a9781846960376 | ||
| 050 | _bD621 2006 | ||
| 100 | _aDixon, Dougal | ||
| 245 | 4 | _aThe ice age / | |
| 245 | _cby Dougal Dixon. | ||
| 260 | _aGreat Britain : | ||
| 260 | _bTickTock, | ||
| 260 | _c2006 | ||
| 300 | _a32 pages : | ||
| 300 | _bcolor illustration ; | ||
| 300 | _c28cm. | ||
| 999 |
_c355781 _d355781 |
||